Ballet music for barre and center floor : (Record no. 137322)

MARC details
000 -CABECERA
campo de control de longitud fija 02211cjm a2200481 i 4500
001 - NÚMERO DE CONTROL
campo de control 991061739602806706
003 - IDENTIFICADOR DEL NÚMERO DE CONTROL
campo de control ES-BaIT
005 - FECHA Y HORA DE LA ÚLTIMA TRANSACCIÓN
campo de control 20260326101018.0
007 - CAMPO FIJO DE DESCRIPCIÓN FÍSICA--INFORMACIÓN GENERAL
campo de control de longitud fija sd#fsngnnmmned
008 - DATOS DE LONGITUD FIJA--INFORMACIÓN GENERAL
campo de control de longitud fija 241219t19991999xxubtn| fz | zxx
010 ## - NÚMERO DE CONTROL DE LA BIBLIOTECA DEL CONGRESO
Número de control de LC 2024790326
028 02 - NÚMERO DE EDITOR O DISTRIBUIDOR
Número de editor o de distribuidor RRCD 6046
Fuente Roper Records
035 ## - NÚMERO DE CONTROL DEL SISTEMA
Número de control de sistema 23958224
040 ## - FUENTE DE LA CATALOGACIÓN
Centro catalogador/agencia de origen ES-BaIT
Lengua de catalogación cat
Normas de descripción rda
Centro/agencia transcriptor ES-BaIT
084 ## - OTRO NÚMERO DE CLASIFICACIÓN
Número de clasificación CD M 581
245 00 - MENCIÓN DE TÍTULO
Título Ballet music for barre and center floor :
Resto del título elementary, intermediate, advanced /
Mención de responsabilidad, etc. Joe Cross, pianist ; supervised by David Howard ; original music composed by Joe Cross
264 #1 - PRODUCCIÓN, PUBLICACIÓN, DISTRIBUCIÓN, FABRICACIÓN Y COPYRIGHT
Producción, publicación, distribución, fabricación y copyright L[ong] I[sland] C[ity], N.Y. :
Nombre del de productor, editor, distribuidor, fabricante Roper Records,
Fecha de producción, publicación, distribución, fabricación o copyright [1999]
264 #4 - PRODUCCIÓN, PUBLICACIÓN, DISTRIBUCIÓN, FABRICACIÓN Y COPYRIGHT
Fecha de producción, publicación, distribución, fabricación o copyright ℗1999
300 ## - DESCRIPCIÓN FÍSICA
Extensión 1 disc àudio ;
Dimensiones 12 cm
336 ## - TIPO DE CONTENIDO
Término de tipo de contenido música executada
Código de tipo de contenido prm
Fuente rdacontent
337 ## - TIPO DE MEDIO
Nombre/término del tipo de medio àudio
Código del tipo de medio s
Fuente rdamedia
338 ## - TIPO DE SOPORTE
Nombre/término del tipo de soporte disc àudio
Código del tipo de soporte sd
Fuente rdacarrier
344 ## - CARACTERÍSTICAS DE SONIDO
Tipo de grabación digital
Fuente rdatr
344 ## - CARACTERÍSTICAS DE SONIDO
Medio de grabación òptic
Fuente rdarm
344 ## - CARACTERÍSTICAS DE SONIDO
Velocidad de reproducción 1.4 m/s
347 ## - CARACTERÍSTICAS DEL ARCHIVO DIGITAL
Tipo de archivo fitxer àudio
Fuente rdaft
347 ## - CARACTERÍSTICAS DEL ARCHIVO DIGITAL
Formato de codificación CD audio
500 ## - NOTA GENERAL
Nota general Títol obtingut de la superfície del disc
500 ## - NOTA GENERAL
Nota general Al contenidor: "Double length CD"
500 ## - NOTA GENERAL
Nota general Notes biogràfiques de Howard i Cross dins el contenidor
505 8# - NOTA DE CONTENIDO CON FORMATO
Nota de contenido con formato Conté:
Información miscelánea Barre technique.
Título Plies ;
-- Tendu 1st ;
-- Tendu 5th ;
-- Degage 1st ;
-- Balançoire ;
-- Degage 5th ;
-- Pas de cheval ;
-- Ronds de jambe a terre ;
-- Frappe ;
-- Fondu/adagio ;
-- Rond de jambe en l'air ;
-- Petit battements ;
-- Stretch/adagio ;
-- Grand battement ;
-- Pointe, echappes, releves, sous sus --
505 8# - NOTA DE CONTENIDO CON FORMATO
Nota de contenido con formato Conté:
Información miscelánea Center floor technique.
Título Adagio ;
-- Center practice, tendus ;
-- Center practice combination ;
-- Slow waltz ;
-- Pirouettes #1 tango ;
-- Pirouettes #2 ;
-- Allegro #1 : small jumps ;
-- Allegro #2 ;
-- Allegro #3 combination ;
-- Grand allegro ;
-- Travelling turns, piques, chaines ;
-- Reverence/adagio.
511 0# - NOTA DE PARTICIPANTES O INTÉRPRETES
Nota de participantes o intérpretes David Howard, supervisor/director.
650 #4 - PUNTO DE ACCESO ADICIONAL DE MATERIA--TÉRMINO DE MATERIA
Término de materia o nombre geográfico como elemento de entrada Dansa clàssica
Subdivisión general Ensenyament
9 (RLIN) 56590
650 #7 - PUNTO DE ACCESO ADICIONAL DE MATERIA--TÉRMINO DE MATERIA
Término de materia o nombre geográfico como elemento de entrada Música de dansa clàssica
9 (RLIN) 57375
650 #7 - PUNTO DE ACCESO ADICIONAL DE MATERIA--TÉRMINO DE MATERIA
Término de materia o nombre geográfico como elemento de entrada Piano, Música per a
9 (RLIN) 57536
700 1# - ENTRADA AGREGADA--NOMBRE PERSONAL
Nombre de persona Howard, David,
Fechas asociadas al nombre 1937-2013
Término indicativo de función/relación director
9 (RLIN) 169162
700 1# - ENTRADA AGREGADA--NOMBRE PERSONAL
Nombre de persona Cross, Joe
Término indicativo de función/relación compositor,
-- instrumentista
9 (RLIN) 169163
710 2# - ENTRADA AGREGADA--NOMBRE DE ENTIDAD CORPORATIVA
Nombre de entidad corporativa o nombre de jurisdicción como elemento de entrada Roper Records
9 (RLIN) 169164
908 ## - COLOCAR PARÁMETRO DE COMANDO (RLIN)
Colocar parámetro de comando CDMAE
940 ## - EQUIVALENCIA O REFERENCIA-CRUZADA--TÍTULO UNIFORME [OBSOLETO] [solamente CAN/MARC]
Título uniforme <a href="CDMAE">CDMAE</a>
942 ## - ELEMENTOS DE ENTRADA AGREGADA (KOHA)
Fuente del sistema de clasificación o colocación Clasificación decimal universal
Tipo de ítem Koha Àudio
Holdings
Estado de retiro Estado de pérdida Fuente del sistema de clasificación o colocación Estado dañado No para préstamo Localización permanente Ubicación/localización actual Ubicación en estantería Fecha de adquisición Fuente de adquisición Total de préstamos Signatura topográfica completa Código de barras Fecha visto por última vez Precio válido a partir de Tipo de ítem Koha
    Clasificación decimal universal     Biblioteca Barcelona Biblioteca Barcelona BCN Àudio 26/03/2026 Donatiu   M 581 CRO 1900089987 26/03/2026 26/03/2026 Àudio

Powered by Koha